00766nam a2200205Ia 4500008004100000082001600041100001500057245004500072250000800117260003200125300000800157500002400165650001400189700001600203942000700219952010500226952010600331952010600437999001700543230524s9999 xx 000 0 und d a645.12bMER aJ.L.Meriam 0aEngineering Mechanics Dynamics (5th ed.) a5TH aNEW DELHIbJohn Wileyc2002 a702 aQuantity Number: 3 aMechanics a L.G.Kraige cBK 00104070aTATCLbTATCLcGENd2023-05-24l0o645.12 MERp8461r2023-05-24w2023-05-24yBKzBENG1101 00104070aTATCLbTATCLcGENd2023-05-24l0o645.12 MERp49776r2023-05-24w2023-05-24yBKzBENG1101 00104070aTATCLbTATCLcGENd2023-05-24l0o645.12 MERp49777r2023-05-24w2023-05-24yBKzBENG1101 c11969d11969